Irregular Verbs - Past Participle Quiz Stats

 Plays Quiz Updated Mar 20, 2019

Score 0/82 Timer 07:00
0 Plays Today
Present Tense/Past Tense Past Participle (has or have....) % Correct
beat/beatbeaten or beat
89.5%
break/brokebroken
87.4%
am or be/wasbeen
87.2%
arise/arosearisen
86.5%
buy/boughtbought
85.8%
bite/bitbitten
85.7%
build/builtbuilt
85.4%
choose/chosechosen
85.3%
become/becamebecome
85.2%
begin/beganbegun
85.2%
bend/bentbent
85%
catch/caughtcaught
84.7%
bring/broughtbrought
84.2%
bleed/bledbled
83.6%
blow/blewblown
83.3%
bind/boundbound
82.9%
come/camecome
82.6%
give/gavegiven
81.9%
freeze/frozefrozen
81.8%
creep/creptcrept
81.7%
forget/forgotforgotten
81.6%
do/diddone
81.1%
have/hadhad
80.9%
eat/ateeaten
80.9%
fly/flewflown
80.6%
hide/hidhidden or hid
80.4%
drink/drankdrunk
80.1%
forgive/forgaveforgiven
80%
Present Tense/Past Tense Past Participle (has or have....) % Correct
go/wentgone
79.3%
drive/drovedriven
79.1%
grow/grewgrown
78.9%
know/knewknown
77.8%
draw/drewdrawn
77.4%
lose/lostlost
76.9%
fall/fellfallen
76.5%
hang (a picture)/hunghung
76.4%
forbid/forbadeforbidden
76.3%
lay/laidlaid
76.2%
fight/foughtfought
76%
lead/ledled
75.8%
flee/fledfled
74.3%
bear/boreborne
74.1%
sing/sang or sungsung
73.9%
sit/satsat
73.8%
say/saidsaid
73.3%
forsake/forsookforsaken
73.1%
rise/roserisen
73%
see/sawseen
72.8%
dive/dived or dovedived
72.5%
set/setset
72.4%
ring/rangrung
72.3%
sink/sank or sunksunk
71.9%
ride/roderidden
71.9%
speak/spokespoken
71.5%
sleep/sleptslept
71.4%
foresee/foresawforeseen
70.5%
Present Tense/Past Tense Past Participle (has or have....) % Correct
steal/stolestolen
70.1%
shake/shookshaken
67.1%
spring/sprang or sprungsprung
65.8%
stick/stuckstuck
64.8%
shine (a light)/shoneshone
63.8%
show/showedshown
63.3%
shrink/shrankshrunk
62.5%
take/tooktaken
62.4%
strike/struckstricken
60.8%
swim/swamswum
59.4%
lie (recline)/laylain
58.4%
think/thoughtthought
57.9%
swing/swungswung
57.4%
swear/sworesworn
56.5%
win/wonwon
56.4%
throw/threwthrown
55.2%
tear/toretorn
54.6%
slay (kill)/slewslain
54.1%
strive/strovestriven
53.3%
wake/waked or wokewaked or woken
53.1%
write/wrotewritten
53.1%
wear/woreworn
51.8%
wind/woundwound
50.4%
weave/wovewoven
50.3%
wring/wrungwrung
49.4%
stride/strodestridden
41.7%

You're not logged in!

Compare scores with friends on all Sporcle quizzes.
OR
Log In

Show Comments

Extras

Top Quizzes Today


Score Distribution

Your Account Isn't Verified!

In order to create a playlist on Sporcle, you need to verify the email address you used during registration. Go to your Sporcle Settings to finish the process.

Report this User

Report this user for behavior that violates our Community Guidelines.

Details: